Sylloge nummorum Sasanidarum Usbekistan: sasanidische Münzen und ihre Imitationen aus Bukhara, Termes und Chaganian
| Authors: | ; ; |
|---|---|
| Format: | Print Book |
| Language: | German |
| Subito Delivery Service: | Order now. |
| Check availability: | HBZ Gateway |
| WorldCat: | WorldCat |
| Interlibrary Loan: | Interlibrary Loan for the Fachinformationsdienste (Specialized Information Services in Germany) |
| Published: |
Wien
Verl. der Österr. Akad. der Wiss.
2012
|
| In: |
Denkschriften (418)
Year: 2012 |
| Series/Journal: | Denkschriften / Österreichische Akademie der Wissenschaften, Philosophisch-Historische Klasse
418 Veröffentlichungen der Numismatischen Kommission / Österreichische Akademie der Wissenschaften 51 Sylloge nummorum Sasanidarum |
| Standardized Subjects / Keyword chains: | B
Uzbekistan
/ Collection
/ Coin
/ Iran (Antiquity)
B Sassaniden / Coin B Iran (Antiquity) / Coin |
| Further subjects: | B
Coins, Ancient (Asia, Central)
B Coins, Sassanid (Uzbekistan) Catalogs B Coins, Sassanid B Catalog |
| Online Access: |
Inhaltsbeschreibung Inhaltstext (Publisher) Table of Contents Table of Contents |
MARC
| LEADER | 00000cam a2200000 c 4500 | ||
|---|---|---|---|
| 001 | 1618108964 | ||
| 003 | DE-627 | ||
| 005 | 20251225201034.0 | ||
| 007 | tu | ||
| 008 | 120801s2012 au ||||| c 00| ||ger c | ||
| 010 | |a 2013436951 | ||
| 015 | |a 11,N42 |2 dnb | ||
| 015 | |a 11,N42 |2 dnb | ||
| 016 | 7 | |a 1016148291 |2 DE-101 | |
| 020 | |a 9783700169451 |9 978-3-7001-6945-1 | ||
| 035 | |a (DE-627)1618108964 | ||
| 035 | |a (DE-576)369454006 | ||
| 035 | |a (DE-599)DNB1016148291 | ||
| 035 | |a (OCoLC)768168122 | ||
| 035 | |a (OCoLC)808676874 | ||
| 040 | |a DE-627 |b ger |c DE-627 |e rakwb | ||
| 041 | |a ger | ||
| 044 | |c XA-AT | ||
| 050 | 0 | |a CJ1363 | |
| 082 | 0 | |a 930 |q BSZ | |
| 082 | 0 | |a 737.4935 | |
| 082 | 0 | 4 | |a 730 |a 930 |q DNB |
| 084 | |a 6,22 |2 ssgn | ||
| 084 | |a ND 6260 |q BVB |2 rvk |0 (DE-625)rvk/125084: | ||
| 084 | |a NG 6020 |q BVB |2 rvk |0 (DE-625)rvk/125438:13124 | ||
| 084 | |a ND 6200 |q BSZ |2 rvk |0 (DE-625)rvk/125081: | ||
| 084 | |a 15.26 |2 bkl | ||
| 084 | |a 15.75 |2 bkl | ||
| 084 | |a 15.13 |2 bkl | ||
| 090 | |a a | ||
| 100 | 1 | |0 (DE-588)1024830039 |0 (DE-627)720616883 |0 (DE-576)369561465 |4 aut |a Baratova, Larissa |d 1959-2017 | |
| 109 | |a Baratova, Larissa 1959-2017 |a Baratova, Larisa S. 1959-2017 |a Baratova, L. 1959-2017 |a Baratova, Larisa Sergeevna 1959-2017 |a Baratova, L. S. 1959-2017 | ||
| 245 | 1 | 0 | |a Sylloge nummorum Sasanidarum Usbekistan |b sasanidische Münzen und ihre Imitationen aus Bukhara, Termes und Chaganian |c Larissa Baratova; Nikolaus Schindel; Edvard Rtveladze |
| 264 | 1 | |a Wien |b Verl. der Österr. Akad. der Wiss. |c 2012 | |
| 300 | |a 199 S. |b zahlr. Ill., graph. Darst., Kt. | ||
| 336 | |a Text |b txt |2 rdacontent | ||
| 337 | |a ohne Hilfsmittel zu benutzen |b n |2 rdamedia | ||
| 338 | |a Band |b nc |2 rdacarrier | ||
| 490 | 1 | |a Denkschriften / Österreichische Akademie der Wissenschaften, Philosophisch-Historische Klasse |v 418 | |
| 490 | 1 | |a Veröffentlichungen der Numismatischen Kommission / Österreichische Akademie der Wissenschaften |v 51 | |
| 490 | 0 | |a Sylloge nummorum Sasanidarum | |
| 583 | 1 | |a Archivierung/Langzeitarchivierung gewährleistet |f SSG |x XA-DE-BW |2 pdager |5 DE-21 | |
| 583 | 1 | |a Archivierung prüfen |c 20240324 |f DE-4165 |z 1 |2 pdager | |
| 601 | |a Imitation | ||
| 650 | 0 | |a Coins, Sassanid | |
| 650 | 0 | |a Coins, Sassanid |z Uzbekistan |v Catalogs | |
| 650 | 0 | |a Coins, Ancient |z Asia, Central | |
| 655 | 7 | |a Katalog |0 (DE-588)4163417-2 |0 (DE-627)105454966 |0 (DE-576)209880899 |2 gnd-content | |
| 689 | 0 | 0 | |d g |0 (DE-588)4062199-6 |0 (DE-627)104252715 |0 (DE-576)20914288X |2 gnd |a Usbekistan |
| 689 | 0 | 1 | |d s |0 (DE-588)4128844-0 |0 (DE-627)105714259 |0 (DE-576)209605545 |2 gnd |a Sammlung |
| 689 | 0 | 2 | |d s |0 (DE-588)4040629-5 |0 (DE-627)106222198 |0 (DE-576)209041498 |2 gnd |a Münze |
| 689 | 0 | 3 | |d g |0 (DE-588)4072922-9 |0 (DE-627)104123273 |0 (DE-576)209188677 |2 gnd |a Iran |g Altertum |
| 689 | 0 | |5 DE-101 | |
| 689 | 1 | 0 | |d p |0 (DE-588)118751379 |0 (DE-627)694914185 |0 (DE-576)209405031 |2 gnd |a Sassaniden |
| 689 | 1 | 1 | |d s |0 (DE-588)4040629-5 |0 (DE-627)106222198 |0 (DE-576)209041498 |2 gnd |a Münze |
| 689 | 1 | |5 (DE-627) | |
| 689 | 2 | 0 | |d g |0 (DE-588)4072922-9 |0 (DE-627)104123273 |0 (DE-576)209188677 |2 gnd |a Iran |g Altertum |
| 689 | 2 | 1 | |d s |0 (DE-588)4040629-5 |0 (DE-627)106222198 |0 (DE-576)209041498 |2 gnd |a Münze |
| 689 | 2 | |5 (DE-627) | |
| 700 | 1 | |0 (DE-588)17373474X |0 (DE-627)698640497 |0 (DE-576)134575717 |4 aut |a Schindel, Nikolaus |d 1973- | |
| 700 | 1 | |0 (DE-588)103697934 |0 (DE-627)546376762 |0 (DE-576)16696722X |4 aut |a Rtveladze, Ėdvard Vasilʹevič |d 1942-2022 | |
| 810 | 2 | |a Österreichische Akademie der Wissenschaften |b Philosophisch-Historische Klasse |t Denkschriften |v 418 |9 418 |w (DE-627)130187100 |w (DE-576)015730867 |w (DE-600)528272-X |x 0029-8824 |7 am | |
| 810 | 2 | |a Österreichische Akademie der Wissenschaften |b Numismatische Kommission |t Veröffentlichungen der Numismatischen Kommission / Österreichische Akademie der Wissenschaften |v 51 |9 51 |w (DE-627)130309370 |w (DE-576)003601013 |w (DE-600)587665-5 |7 am | |
| 856 | 4 | 2 | |u http://deposit.dnb.de/cgi-bin/dokserv?id=3897823&prov=M&dok_var=1&dok_ext=htm |m X: MVB |q text/html |v 2013-05-01 |x Verlag |3 Inhaltstext |7 1 |
| 856 | 4 | 2 | |u https://swbplus.bsz-bw.de/bsz369454006inh.htm |m B:DE-576;DE-21 |q application/pdf |v 20120808104851 |x Verlag |3 Inhaltsverzeichnis |7 1 |
| 856 | 4 | 2 | |u http://verlag.oeaw.ac.at/products/Sachgebiete/Numismatik/Sylloge-Nummorum-Sasanidarum-Usbekistan.html |x Verlag |y Inhaltsbeschreibung |7 1 |
| 856 | 4 | 2 | |u http://hw.oeaw.ac.at/6945-1inhalt/02_Inhalt_005-006.pdf |x Verlag |y Inhaltsverzeichnis |7 1 |
| 889 | |w (DE-576)9670249325 | ||
| 889 | |w (DE-627)670249327 | ||
| 935 | |a mteo | ||
| 935 | |i mdedup | ||
| 935 | |i sf | ||
| 936 | r | v | |a ND 6260 |b Allgemeines |k Geschichte |k Historische Hilfswissenschaften |k Numismatik (Münz- und Geldgeschichte) |k Antike Münzen |k Numismatik der Antike im einzelnen |k Keltische Numismatik (Iberer, Kelten, Illyrer, Thraker/Daker u.a.) |k Allgemeines |0 (DE-627)1271447967 |0 (DE-625)rvk/125084: |0 (DE-576)201447967 |
| 936 | r | v | |a NG 6020 |b Materielle Kultur |k Geschichte |k Alte Geschichte |k Geschichte und Kultur des alten Orients und der Mittelmeervölker (ohne Griechen und Römer) |k Einzelne Reiche und Völker |k Iran (Perserreich) |k Materielle Kultur |0 (DE-627)1393884369 |0 (DE-625)rvk/125438:13124 |0 (DE-576)323884369 |
| 936 | r | v | |a ND 6200 |b Allgemeines |k Geschichte |k Historische Hilfswissenschaften |k Numismatik (Münz- und Geldgeschichte) |k Antike Münzen |k Numismatik der Antike im einzelnen |k Griechische Numismatik |k Allgemeines |0 (DE-627)1271447940 |0 (DE-625)rvk/125081: |0 (DE-576)201447940 |
| 936 | b | k | |a 15.26 |j Alter Orient |j Nordafrika |x Alte Geschichte |0 (DE-627)181571021 |
| 936 | b | k | |a 15.75 |j Asien: Allgemeines |x Geschichte |0 (DE-627)106405314 |
| 936 | b | k | |a 15.13 |j Numismatik |j Sphragistik |0 (DE-627)106404598 |
| 951 | |a BO | ||
| BIB | |a 1 | ||
| ELC | |b 1 | ||
| ITA | |a 1 |t 1 | ||
| LOK | |0 000 xxxxxcx a22 zn 4500 | ||
| LOK | |0 001 3213606626 | ||
| LOK | |0 003 DE-627 | ||
| LOK | |0 004 1618108964 | ||
| LOK | |0 005 20120803103620 | ||
| LOK | |0 008 120803||||||||||||||||ger||||||| | ||
| LOK | |0 040 |a DE-21 |c DE-627 |d DE-21 | ||
| LOK | |0 852 |a DE-21 | ||
| LOK | |0 852 1 |c 52 B 627 |9 00 | ||
| LOK | |0 935 |a theo |a vord | ||
| LOK | |0 936ln |a t16.3 | ||
| LOK | |0 938 |a 1208 |f 13 | ||
| LOK | |0 939 |a 03-08-12 |b l01 | ||
| LOK | |0 000 xxxxxcx a22 zn 4500 | ||
| LOK | |0 001 4004930340 | ||
| LOK | |0 003 DE-627 | ||
| LOK | |0 004 1618108964 | ||
| LOK | |0 005 20230502204434 | ||
| LOK | |0 008 211123||||||||||||||||ger||||||| | ||
| LOK | |0 040 |a DE-21-42 |c DE-627 |d DE-21-42 | ||
| LOK | |0 541 |e 2012 Nu 22 | ||
| LOK | |0 852 |a DE-21-42 | ||
| LOK | |0 852 1 |c Zp 44a |m p |9 00 | ||
| LOK | |0 852 2 |b Forschungsstelle für Islamische Numismatik |9 00 | ||
| LOK | |0 935 |a numi |a k042 | ||
| LOK | |0 938 |k p | ||
| LOK | |0 939 |a 23-11-21 |b l01 | ||
| ORI | |a SA-MARC-ixtheoa001.raw | ||
| REF | |a Münzsammlung | ||
| REL | |a 1 | ||
| STA | 0 | 0 | |a Coin,Collection,Uzbekistan,Usbekistan |
| STB | 0 | 0 | |a Collection,Recueil,Recueil,Monnaie,Médaille,Pièce de monnaie,Médaille,Pièce de monnaie |
| STC | 0 | 0 | |a Colección,Moneda |
| STD | 0 | 0 | |a Collezione,Moneta |
| STE | 0 | 0 | |a 收蔵品,收集品,硬币,钱币 |
| STF | 0 | 0 | |a 收蔵品,收集品,硬幣,錢幣 |
| STG | 0 | 0 | |a Coleção,Moeda |
| STH | 0 | 0 | |a Коллекция,Собрание (сочинений),Монета |
| STI | 0 | 0 | |a Κέρμα,Νόμισμα,Συλλογή |
| SUB | |a BIB |a REL | ||
| SYG | 0 | 0 | |a O'zbekiston Respublikasi,Usbekien,Usbekistan,Özbekiston Jumhuriyati,Oʹzbekiston,Ŭzbekiston,Ŭzbekiston Respublikasi,Uzbekistan,Ouzbekistan,Respublika Uzbekistan,Republic of Uzbekistan,Republik Usbekistan,Oʹzbekiston Respublikasi , Sammlungen , Metallgeld,Münzen , Iran,Ǧunbiš-i sabz,Ǧunbiš-i sabz,Ǧunbiš-i sabz,Iranian Green Movement,Die Grüne Revolution,Die Grüne Bewegung , Achämenidenreich,Perserreich,Persien,Sassanidenreich,Sasanidenreich,Jomhōri-e Islamī-e Iran,Kišwar-i Šāhanšāhī-i Īrān,Īrān,Īrān,Īrān,Islamische Republik Iran,Islamic Republic of Iran,République islamique d'Iran,Imperial Government of Iran,al-Ǧumhūrīya al-Islāmīya al-Īrānīya,Īrān,Īrān,Īrān,Daulat-i ʿAlīya-i Īrān,Pārs,Ǧumhūrīyat Īrān al-Islāmīya,al-Ǧumhūrīya al-Islāmīya al-Īrānīya,al-Ǧumhūriyya al-Islāmiyya al-Īrāniyya,Daulat-i Šāhinšāhī-i Īrān,Gouvernement Impérial de l'Iran,IR Iran,Persien,Islamische Republik Iran,Islamic Republic of Iran,Persia,Ǧumhūrī-i Islāmī-i Īrān,Perse,République islamique d'Iran , Sasaniden , Metallgeld,Münzen , Iran,Ǧunbiš-i sabz,Ǧunbiš-i sabz,Ǧunbiš-i sabz,Iranian Green Movement,Die Grüne Revolution,Die Grüne Bewegung , Achämenidenreich,Perserreich,Persien,Sassanidenreich,Sasanidenreich,Jomhōri-e Islamī-e Iran,Kišwar-i Šāhanšāhī-i Īrān,Īrān,Īrān,Īrān,Islamische Republik Iran,Islamic Republic of Iran,République islamique d'Iran,Imperial Government of Iran,al-Ǧumhūrīya al-Islāmīya al-Īrānīya,Īrān,Īrān,Īrān,Daulat-i ʿAlīya-i Īrān,Pārs,Ǧumhūrīyat Īrān al-Islāmīya,al-Ǧumhūrīya al-Islāmīya al-Īrānīya,al-Ǧumhūriyya al-Islāmiyya al-Īrāniyya,Daulat-i Šāhinšāhī-i Īrān,Gouvernement Impérial de l'Iran,IR Iran,Persien,Islamische Republik Iran,Islamic Republic of Iran,Persia,Ǧumhūrī-i Islāmī-i Īrān,Perse,République islamique d'Iran , Metallgeld,Münzen |
| TIM | |a 100019910901_100020261231 |b 1991-09-01 - 2026 | ||



